000
00269nam a22001097a 4500
008
180806b xxu||||| |||| 00| 0 eng d
082
_a
813.52
245
_a
The Decision Tools and StatTools Suite
_c
Palisade
300
_a
1
_f
CD
440
_x
0534359191
942
_2
ddc
_c
MX
999
_c
46811
_d
46811